Psychologie clinique et psychopathologie : Cours, exemples cliniques, entraînement (notice n° 1567645)

détails MARC
000 -LEADER
fixed length control field 01521cam a2200133 4500500
005 - DATE AND TIME OF LATEST TRANSACTION
control field 20251214003238.0
041 ## - LANGUAGE CODE
Language code of text/sound track or separate title fre
042 ## - AUTHENTICATION CODE
Authentication code dc
100 10 - MAIN ENTRY--PERSONAL NAME
Personal name Rabeyron, Thomas
Relator term author
245 00 - TITLE STATEMENT
Title Psychologie clinique et psychopathologie : Cours, exemples cliniques, entraînement
260 ## - PUBLICATION, DISTRIBUTION, ETC.
Name of publisher, distributor, etc. Armand Colin,<br/>
Date of publication, distribution, etc. 2018.<br/>
520 ## - SUMMARY, ETC.
Summary, etc. Cet ouvrage propose un panorama global de la psychologie clinique et de la psychopathologie. Il est composé de trois grandes parties : - une première partie comprenant des définitions, l’historique de la discipline ainsi que des éléments plus contemporains concernant les spécificités du métier de psychologue clinicien ; - une deuxième partie dévolue aux principales compétences du psychologue clinicien que sont l’observation clinique, l’entretien clinique et l’étude de cas ; - une troisième partie qui présente les grands organisateurs de la réalité psychique, les différentes formes de psychopathologie ainsi que plusieurs principes qui orientent le travail psychothérapique et les processus de symbolisation. Illustré de nombreuses vignettes cliniques, cet ouvrage est un véritable outil de travail permettant de se familiariser avec les notions. Il sera ainsi un guide précieux tout au long de la licence de psychologie afin de préparer dans les meilleures conditions l’entrée en Master de psychologie clinique.
856 41 - ELECTRONIC LOCATION AND ACCESS
Uniform Resource Identifier <a href="https://shs.cairn.info/psychologie-clinique-et-psychopathologie--9782200619527?lang=fr&redirect-ssocas=7080">https://shs.cairn.info/psychologie-clinique-et-psychopathologie--9782200619527?lang=fr&redirect-ssocas=7080</a>

Pas d'exemplaire disponible.

PLUDOC

PLUDOC est la plateforme unique et centralisée de gestion des bibliothèques physiques et numériques de Guinée administré par le CEDUST. Elle est la plus grande base de données de ressources documentaires pour les Étudiants, Enseignants chercheurs et Chercheurs de Guinée.

Adresse

627 919 101/664 919 101

25 boulevard du commerce
Kaloum, Conakry, Guinée

Réseaux sociaux

Powered by Netsen Group @ 2025